000 00390pab a2200157 454500
008 180718b2005 xxu||||| |||| 00| 0 eng d
100 _aChakravorti, Robi
245 _aMilitarism and money morality
260 _c2005
300 _ap.3723-724.
362 _a20 Aug
650 _aUnited States. Army
650 _aMilitarism
773 _aEconomic and Political Weekly
909 _a66450
999 _c66450
_d66450